000 00859nam a2200229Ii 4500
003 JO-AjNU
008 230605s9999||||xx |||||||||||||| ||und||
017 _a1980/5541
020 _a977-256-041
040 _aJO-AjNU
_bara
_erda
_cJO-AjNU
041 _aara
050 1 4 _aKRM3570.8.W4368 1981
100 3 _aتاليف والي، فتحي,
_eauthor
_946532
245 0 0 _aالوسيط في قانون القضاء المدني: دراسة لمجموعة المرافعات وأهم التشريعات المكملة لها
250 _aط2
264 3 1 _aد.م: د.ن، 1981
300 _a1029ص
336 _atext
_btxt
_2rdacontent
337 _aunmediated
_bn
_2rdamedia
338 _avolume
_bnc
_2rdacarrier
650 4 _a قانون المرافعات - مصر - القانون المدني - مصر - القانون القضائي - مصر
_946533
999 _aA20251
_c23819
_d23819